000 01643cam a2200361 a 4500
001 EDZ0000104922
003 StDuBDS
005 20161031105203.0
006 m||||||||d||||||||
007 cr |||||||||||
008 121017s2010 cau fo| 001|0|eng|d
020 _a9781452275031 (ebook) :
_cNo price
040 _aStDuBDS
_beng
_cStDuBDS
_epn
049 _aAlfaisal Main Library
050 0 _aBF636.7.C76
_bJ86 2010
082 0 4 _a158.3
_223
100 1 _aJun, Heesoon.
245 1 0 _aSocial justice, multicultural counseling, and practice
_h[electronic resource] :
_bbeyond a conventional approach /
_cHeesoon Jun.
260 _aLos Angeles, [Calif.] ;
_aLondon :
_bSAGE,
_cc2010.
300 _a1 online resource (xvi, 469 p.)
520 8 _aThis book takes a new approach to teaching students to think and learn about issues of race and diversity. Aiming to break down traditional categorisations of racial groupings such as African Americans, it focuses on teaching students to think and learn in a multidimensional, rather than in a linear fashion.
521 _aSpecialized.
588 _aDescription based on print version record.
504 _aIncludes bibliographical references and index.
650 0 _aCross-cultural counseling
_zUnited States.
650 0 _aCounselors
_xTraining of
_zUnited States.
650 0 _aMulticulturalism
_zUnited States.
655 7 _aElectronic books.
_2local
710 2 _aSage eBooks
776 0 8 _iPrint version :
_z9781412960571
856 4 0 _uhttp://ezproxy.alfaisal.edu/login?url=http://sk.sagepub.com/books/social-justice-multicultural-counseling-and-practice
942 _2lcc
_cEBOOKS
999 _c481233
_d481233